The Delhi school education Act, 1973 (Record no. 10955)

MARC details
000 -LEADER
fixed length control field 00318nam a22000977a 4500
008 - FIXED-LENGTH DATA ELEMENTS--GENERAL INFORMATION
fixed length control field 180529b ||||| |||| 00| 0 eng d
020 ## - INTERNATIONAL STANDARD BOOK NUMBER
International Standard Book Number 9788176393713
100 ## - MAIN ENTRY--PERSONAL NAME
Personal name Jain, Vidhi
9 (RLIN) 6758
245 ## - TITLE STATEMENT
Title The Delhi school education Act, 1973
Remainder of title The Delhi School Education Rules, 1973
260 ## - PUBLICATION, DISTRIBUTION, ETC. (IMPRINT)
Place of publication, distribution, etc. New Selhi
Name of publisher, distributor, etc. Akalank Publication
Date of publication, distribution, etc. 2017
Holdings
Withdrawn status Lost status Source of classification or shelving scheme Damaged status Not for loan Home library Current library Shelving location Date acquired Total Checkouts Barcode Date last seen Price effective from Koha item type
    Dewey Decimal Classification     Good Samaritan School Library Good Samaritan School Library EDUCATION 05/29/2018   JAI371.4 05/29/2018 05/29/2018 BOOK
    Dewey Decimal Classification     Good Samaritan School Library Good Samaritan School Library EDUCATION 05/29/2018   JAI371.5 05/29/2018 05/29/2018 BOOK
    Dewey Decimal Classification     Good Samaritan School Library Good Samaritan School Library EDUCATION 05/29/2018   JAI371.6 05/29/2018 05/29/2018 BOOK

Powered by Koha